El arte de Cartier : resplandor del tiempo /

Cartier, la empresa de joyería y relojería fundada en 1847 por Louis-François Cartier, representa por antonomasia el lujo y la exclusividad en la materia. El presene es un video sobre la exposición El arte de Cartier, presentada en el Instituto Nacional de Bellas Artes de la ciudad de México. La col...

Popoln opis

Shranjeno v:
Bibliografske podrobnosti
Glavni avtor: Zapata, Erika (autor)
Drugi avtorji: Barajas, Jorge (fotógrafo) (fotógrafo)
Format: Slide
Jezik:španščina
Izdano: México : CONACULTA : Instituto Nacional de Bellas Artes : Canal 22, 1999, c1999
Serija:(Arquitectura y Diseño. Exposiciones)
(Videoteca Universal CONACULTA)
Teme:
Oznake: Označite
Brez oznak, prvi označite!

MARC

LEADER 00000ngm^a2200000^a^4500
001 000130562
005 20250521000000.0
009 20260310094951.763
037 |a Acervo ITESO - Biblioteca 
041 |a ESP 
082 |a 739. 270944  |b ZAP 
100 |a Zapata, Erika  |e (autor) 
245 1 3 |a El arte de Cartier :  |b resplandor del tiempo /  |c E. Zapata. 
264 4 |a México :  |b CONACULTA :  |b Instituto Nacional de Bellas Artes :  |b Canal 22,  |c 1999, c1999 
300 |a 1 videocasete VHS  |c (29 min.) 
336 |a imagen móvil bidimensional  |b tdi  |2 rdacontenido 
337 |a video  |b v  |2 rdamedio 
338 |a videocasete  |b vf  |2 rdasoporte 
440 1 |a (Arquitectura y Diseño.  |p Exposiciones) 
440 1 |a (Videoteca Universal CONACULTA) 
520 |a Cartier, la empresa de joyería y relojería fundada en 1847 por Louis-François Cartier, representa por antonomasia el lujo y la exclusividad en la materia. El presene es un video sobre la exposición El arte de Cartier, presentada en el Instituto Nacional de Bellas Artes de la ciudad de México. La colección fue exhibida en México diez años después de haber sido expuesta por vez primera en público, en el Petite Palais de París en 1989. 
649 |a XX 
650 |a Museos y Galerías -  |z México (Ciudad) -  |x Exposiciones 
650 |a Museos y Galerías -  |z México -  |x Exposiciones 
650 |a Joyería -  |z Francia -  |x Tema Principal 
650 |a Joyería -  |z Francia -  |x Industria y Comercio 
650 |a Joyería -  |z Francia -  |x Colecciones 
650 |a Joyería -  |z Francia -  |x Exposiciones 
650 |a Piedras Preciosas -  |z Francia -  |x Industria y Comercio 
650 |a Orfebrería -  |z Francia -  |x Industria y Comercio 
650 |a Moda -  |z Francia 
650 |a Industria del Lujo -  |z Francia 
650 |a Diseño Francés -  |y Siglo XX 
650 |a Diseño Francés -  |y Siglo XXI 
650 |a Diseño Francés -  |x Historia y Crítica 
650 |a Arte Francés -  |y Siglo XX 
650 |a Arte Francés -  |y Siglo XXI 
650 |a Arte Francés -  |x Historia y Crítica 
650 |a Cartier -  |x Tema Principal 
700 |a Barajas, Jorge  |e (fotógrafo) 
910 |a Fondo General 
920 |a Audiovisuales - Videocasetes 
905 |a 301 
901 |a 0500059018  |b IT2  |c VIS  |u 20250521 
902 |a https://opac.biblio.iteso.mx/vufind/Record/000130562